Visualizzazione normale
Vista MARC
- Paolo,
di Personal Name
Records bibliografici associati: 4
001 - CONTROL NUMBER
- control field: 58502
003 - CONTROL NUMBER IDENTIFIER
- control field:
005 - DATE AND TIME OF LATEST TRANSACTION
- control field: 20200913171343.0
008 - FIXED-LENGTH DATA ELEMENTS
- fixed length control field: 200913|| aca||aabn | a|a d
040 ## - CATALOGING SOURCE
- Original cataloging agency:
- Transcribing agency:
100 ## - HEADING--PERSONAL NAME
- Personal name: Paolo,
- Titles and other words associated with a name: Apostolo, Santo
670 ## - SOURCE DATA FOUND
- Source citation: Work cat.: ()0: Cattaneo, Enrico, autore. 58500, Pietro e Paolo :